[Event "1. OEsterreichische Internet Schach Meisterschaft - Vorrunde 3"]
[Site "Online - Playchess.com"]
[Date ""]
[Round "7"]
[Board "92"]
[White "Egger, Stefanie"]
[Black "Kosc, Renata"]
[Result "0-1"]
[WhiteElo "1442"]
[BlackElo "1988"]
[PlyCount "104"]
[EventDate "2020.04.17"]
[EventRounds "9"]
[EventCountry "AUT"]

1. d4 f5 2. Nf3 Nf6 3. c4 g6 4. e3 Bg7 5. Nc3 d6 6. Bd3 O-O 7. O-O Nc6 8. b3 e5 9.
dxe5 Nxe5 10. Nxe5 dxe5 11. e4 c6 12. exf5 Bxf5 13. Bxf5 gxf5 14. Bg5 Qc7 15. Qc2
e4 16. f3 exf3 17. Rxf3 Ne4 18. Nxe4 Bxa1 19. Nf6+ Bxf6 20. Bxf6 Rxf6 21. Rg3+ Rg6
22. Qxf5 Rxg3 23. hxg3 Rf8 24. Qe6+ Qf7 25. Qg4+ Qg6 26. Qh4 Kg7 27. Qe7+ Rf7 28.
Qe5+ Qf6 29. Qh5 Qa1+ 30. Kh2 Rf6 31. Qg5+ Kf7 32. Qh5+ Ke7 33. Qxh7+ Kd6 34. Qd3+
Kc7 35. Qh7+ Kb6 36. Qh8 Rf1 37. Qd8+ Ka6 38. Kh3 Qe5 39. Kh4 Rf5 40. g4 Rf4 41.
b4 Qe4 42. b5+ cxb5 43. cxb5+ Kxb5 44. a4+ Kxa4 45. Qg8 b5 46. Qa2+ Kb4 47. Qb2+
Kc5 48. Qc3+ Kb6 49. Qg7 a6 50. Qg6+ Qxg6 51. Kh3 Qxg4+ 52. Kh2 Rf2  0-1

[Event "1. OEsterreichische Internet Schach Meisterschaft - Vorrunde 3"]
[Site "Online - Playchess.com"]
[Date ""]
[Round "7"]
[Board "95"]
[White "Staudacher, Karl-Heinz"]
[Black "Jeitler, Selina"]
[Result "0-1"]
[WhiteElo "1734"]
[BlackElo "1201"]
[PlyCount "44"]
[EventDate "2020.04.17"]
[EventRounds "9"]
[EventCountry "AUT"]

1. Nf3 Nf6 2. g3 e6 3. Bg2 d5 4. O-O c5 5. b3 Nc6 6. c4 b6 7. d4 Bb7 8. Bb2 g6 9.
dxc5 bxc5 10. cxd5 exd5 11. Bxf6 Qxf6 12. Nbd2 Qd6 13. Rc1 Bg7 14. Qc2 Nd4 15. Nxd4
cxd4 16. Rfd1 O-O 17. Qd3 Ba6 18. Qf3 Rae8 19. Re1 Qa3 20. Rc2 Bb7 21. Nb1 Qb4 22.
a3 Qxe1+  0-1

[Event "1. OEsterreichische Internet Schach Meisterschaft - Vorrunde 3"]
[Site "Online - Playchess.com"]
[Date ""]
[Round "7"]
[Board "96"]
[White "Gaspar, Zdravko"]
[Black "Hofer, Martin"]
[Result "0-1"]
[WhiteElo "1618"]
[BlackElo "1603"]
[PlyCount "54"]
[EventDate "2020.04.17"]
[EventRounds "9"]
[EventCountry "AUT"]

1. d4 d5 2. Nf3 Nf6 3. e3 e6 4. Bd3 c5 5. c3 c4 6. Bc2 Nc6 7. Nbd2 Bd6 8. O-O b6
9. Qe2 Bb7 10. e4 dxe4 11. Nxe4 Nxe4 12. Bxe4 b5 13. Bc2 O-O 14. Ng5 h6 15. Bh7+
Kh8 16. Qh5 Qe7 17. Bc2 b4 18. Ne4 f5 19. Nxd6 Qxd6 20. Re1 Rf6 21. f3 Ne7 22. Qh4
Ng6 23. Qf2 Kh7 24. Be3 a5 25. Rad1 Bd5 26. Qd2 Rb8 27. g3 f4  0-1

[Event "1. OEsterreichische Internet Schach Meisterschaft - Vorrunde 3"]
[Site "Online - Playchess.com"]
[Date ""]
[Round "7"]
[Board "97"]
[White "Kaltenbeck, Dieter"]
[Black "Tolstykh, Makarius"]
[Result "1-0"]
[WhiteElo "1314"]
[BlackElo "1061"]
[PlyCount "35"]
[EventDate "2020.04.17"]
[EventRounds "9"]
[EventCountry "AUT"]

1. a3 c6 2. e4 d5 3. exd5 cxd5 4. Nf3 Nc6 5. Bb5 e6 6. O-O Bd6 7. Re1 Nge7 8. c3
O-O 9. d4 a6 10. Bd3 Bd7 11. Bg5 h6 12. Be3 b5 13. Qd2 Rc8 14. Bxh6 gxh6 15. Qxh6
Ng6 16. Ng5 Re8 17. Qh7+ Kf8 18. Qxf7#  1-0

[Event "1. OEsterreichische Internet Schach Meisterschaft - Vorrunde 3"]
[Site "Online - Playchess.com"]
[Date ""]
[Round "7"]
[Board "98"]
[White "Korndon, Hannes"]
[Black "Ticar, Clemens"]
[Result "0-1"]
[WhiteElo "914"]
[BlackElo "1753"]
[PlyCount "126"]
[EventDate "2020.04.17"]
[EventRounds "9"]
[EventCountry "AUT"]

1. e4 c5 2. Nf3 Nc6 3. Bc4 d6 4. O-O g6 5. Nc3 Bg7 6. d3 Nf6 7. Bg5 O-O 8. Qd2 Bg4
9. Qe3 a6 10. h3 Bd7 11. Bxf6 Bxf6 12. Rad1 b5 13. Bd5 e6 14. Bxc6 Bxc6 15. Qh6 Bg7
16. Qe3 Qe7 17. Ne2 d5 18. exd5 Bxd5 19. c3 Rad8 20. d4 cxd4 21. cxd4 Bxa2 22. Rfe1
Bd5 23. Nf4 Bxf3 24. Qxf3 Rxd4 25. Rxd4 Bxd4 26. b4 Qxb4 27. Nd3 Qe7 28. Qf4 Bg7
29. Rc1 a5 30. Rc5 b4 31. Rxa5 b3 32. Rb5 Qa3 33. Qb4 Qxb4 34. Rxb4 Rd8 35. Nf4 Rd1+
36. Kh2 b2 37. Rxb2 Bxb2 38. Ne2 Be5+ 39. g3 Rd2 40. Nc3 Rxf2+ 41. Kg1 Rf3 42. Ne2
Bxg3 43. h4 Bxh4 44. Kg2 Rf2+ 45. Kh3 Rxe2 46. Kxh4 Kg7 47. Kg5 f6+ 48. Kg4 Re4+
49. Kf3 f5 50. Kf2 Kf6 51. Kf3 Kg5 52. Kf2 e5 53. Kg3 Ra4 54. Kf3 Ra3+ 55. Ke2 Kf4
56. Kd2 h5 57. Kc2 h4 58. Kb2 Rg3 59. Kc2 h3 60. Kd2 h2 61. Ke2 h1=Q 62. Kf2 Qh2+
63. Kf1 Rg1#  0-1

[Event "1. OEsterreichische Internet Schach Meisterschaft - Vorrunde 3"]
[Site "Online - Playchess.com"]
[Date ""]
[Round "8"]
[Board "1"]
[White "Froewis, Georg"]
[Black "Belke, Frank"]
[Result "1-0"]
[WhiteElo "2457"]
[BlackElo "2273"]
[PlyCount "89"]
[EventDate "2020.04.17"]
[EventRounds "9"]
[EventCountry "AUT"]

1. Nf3 Nf6 2. c4 g6 3. Nc3 d5 4. cxd5 Nxd5 5. Qb3 c6 6. e4 Nb6 7. d4 Bg7 8. Be3 O-O
9. Be2 Be6 10. Qc2 Bc4 11. h4 N8d7 12. h5 Nf6 13. hxg6 hxg6 14. O-O-O Ng4 15. e5
Nxe3 16. fxe3 Qd7 17. Rh4 Bxe2 18. Qxe2 Qe6 19. g4 Qc4 20. Qh2 f6 21. Rh1 Kf7 22.
Qf2 Kg8 23. Qc2 Kf7 24. Nd2 Qb4 25. a3 Qa5 26. Nb3 Qa6 27. e6+ Ke8 28. Qxg6+ Kd8
29. Qxg7 Re8 30. Rh8 Kc7 31. Rxe8 Rxe8 32. Qg6 Qc4 33. Nd2 Qxe6 34. Qxe8 Qxe3 35.
Nce4 Nd5 36. Qh8 Qxd4 37. Qh3 Ne3 38. Re1 Nd5 39. Qb3 a5 40. Qc2 a4 41. Kb1 Nf4 42.
Rc1 Nd3 43. Rd1 Ne5 44. Nf3 Qc4 45. Nxe5  1-0

[Event "1. OEsterreichische Internet Schach Meisterschaft - Vorrunde 3"]
[Site "Online - Playchess.com"]
[Date ""]
[Round "8"]
[Board "2"]
[White "Ragger, Markus"]
[Black "Poetz, Florian"]
[Result "1-0"]
[WhiteElo "2679"]
[BlackElo "2422"]
[PlyCount "95"]
[EventDate "2020.04.17"]
[EventRounds "9"]
[EventCountry "AUT"]

1. e4 d5 2. exd5 Qxd5 3. Nc3 Qa5 4. d4 c6 5. Bc4 Nf6 6. Nf3 Bf5 7. Ne5 e6 8. g4 Bg6
9. h4 Nbd7 10. Nxd7 Nxd7 11. h5 Be4 12. O-O Bd5 13. Nxd5 cxd5 14. Bd3 Bd6 15. a4
Qc7 16. a5 a6 17. Qf3 h6 18. Kg2 Nf6 19. Bd2 Nh7 20. Rac1 Ng5 21. Qe3 O-O 22. f4
Nh7 23. c4 dxc4 24. Rxc4 Qd7 25. g5 Rae8 26. Rcc1 hxg5 27. fxg5 e5 28. Bf5 Qb5 29.
Qe4 Nxg5 30. Bxg5 exd4 31. Qd3 Re2+ 32. Rf2 Rxf2+ 33. Kxf2 Qe5 34. Rg1 Re8 35. Bh6
Bf8 36. Bd2 Qh2+ 37. Rg2 Qh4+ 38. Qg3 Qxh5 39. Qg4 Qh1 40. Qf3 d3 41. Rxg7+ Bxg7
42. Qxh1 Re2+ 43. Kf3 Rxd2 44. Qh7+ Kf8 45. Bxd3 Rxb2 46. Bc4 Rb4 47. Qe4 Bf6 48.
Qd5  1-0

[Event "1. OEsterreichische Internet Schach Meisterschaft - Vorrunde 3"]
[Site "Online - Playchess.com"]
[Date ""]
[Round "8"]
[Board "3"]
[White "Schwabeneder, Florian"]
[Black "Freitag, Manfred"]
[Result "1-0"]
[WhiteElo "2431"]
[BlackElo "2356"]
[PlyCount "111"]
[EventDate "2020.04.17"]
[EventRounds "9"]
[EventCountry "AUT"]

1. e4 e5 2. Nf3 Nc6 3. Bb5 a6 4. Ba4 Nf6 5. d3 b5 6. Bb3 Be7 7. c3 O-O 8. Nbd2 d6
9. Bc2 Re8 10. O-O h6 11. Re1 Bf8 12. Nf1 Bb7 13. Ng3 g6 14. d4 Bg7 15. a3 exd4 16.
cxd4 d5 17. e5 Nd7 18. h4 Nf8 19. h5 Ne7 20. Be3 Bc8 21. Qd2 g5 22. Nxg5 hxg5 23.
Bxg5 Ne6 24. Bf6 Bxf6 25. exf6 Ng6 26. hxg6 Qxf6 27. gxf7+ Qxf7 28. Re5 c6 29. Qh6
Qg7 30. Qh5 Bd7 31. Nf5 Qxg2+ 32. Kxg2 Nf4+ 33. Kf3 Nxh5 34. Nh6+ Kg7 35. Rxh5 Rf8+
36. Kg2 Rae8 37. Bd3 Rh8 38. Rah1 Ref8 39. f3 Be6 40. Ng4 Rxh5 41. Rxh5 Rf4 42. Re5
Bxg4 43. fxg4 Rxg4+ 44. Kf3 Rxd4 45. Ke3 Rh4 46. Re6 Rh6 47. Rxh6 Kxh6 48. Kd4 Kg5
49. Kc5 Kf4 50. Kxc6 Ke3 51. Bg6 d4 52. Kb6 d3 53. Kxa6 d2 54. Bh5 b4 55. axb4 Kd4
56. b5  1-0

[Event "1. OEsterreichische Internet Schach Meisterschaft - Vorrunde 3"]
[Site "Online - Playchess.com"]
[Date ""]
[Round "8"]
[Board "4"]
[White "Rieger, Robert"]
[Black "Diermair, Andreas"]
[Result "1/2-1/2"]
[WhiteElo "2307"]
[BlackElo "2465"]
[PlyCount "62"]
[EventDate "2020.04.17"]
[EventRounds "9"]
[EventCountry "AUT"]

1. e4 Nf6 2. Nc3 e5 3. g3 Bc5 4. h3 d6 5. Bg2 a6 6. d3 Nc6 7. Be3 Bxe3 8. fxe3 h5
9. Nf3 Be6 10. Qe2 Ne7 11. O-O-O Ng6 12. Ng5 Qe7 13. Nxe6 Qxe6 14. Nd5 Nxd5 15. exd5
Qd7 16. Rdf1 f5 17. g4 hxg4 18. hxg4 Rxh1 19. Rxh1 fxg4 20. Be4 Nf8 21. Rg1 O-O-O
22. Rxg4 Qf7 23. Qg2 g6 24. Bxg6 Nxg6 25. Rxg6 Rf8 26. Kd2 b6 27. Rg7 Qf2+ 28. Qxf2
Rxf2+ 29. Kc3 a5 30. e4 Kb7 31. a3 Re2  1/2-1/2

[Event "1. OEsterreichische Internet Schach Meisterschaft - Vorrunde 3"]
[Site "Online - Playchess.com"]
[Date ""]
[Round "8"]
[Board "5"]
[White "Morgunov, Marc"]
[Black "Schweda, Roland"]
[Result "1-0"]
[WhiteElo "2341"]
[BlackElo "2449"]
[PlyCount "103"]
[EventDate "2020.04.17"]
[EventRounds "9"]
[EventCountry "AUT"]

1. e4 c5 2. Nf3 d6 3. Bb5+ Bd7 4. Bxd7+ Qxd7 5. c4 Nc6 6. Nc3 Ne5 7. d3 Nxf3+ 8.
Qxf3 g6 9. O-O Bg7 10. Be3 Nf6 11. d4 cxd4 12. Bxd4 O-O 13. Qd3 Rfc8 14. Rac1 Qe6
15. b3 a6 16. f3 Nd7 17. Bxg7 Kxg7 18. Qd4+ Qe5 19. Rfd1 Qxd4+ 20. Rxd4 b5 21. Nd5
Kf8 22. Ne3 Nb6 23. Kf2 Ra7 24. Ke2 Rac7 25. Kd3 Rc6 26. Kd2 bxc4 27. Nxc4 Nxc4+
28. Rdxc4 Rxc4 29. Rxc4 Rxc4 30. bxc4 Ke8 31. Kc3 Kd7 32. Kb4 Kc6 33. Ka5 Kb7 34.
a4 Ka7 35. f4 Kb7 36. e5 Ka7 37. g4 Kb7 38. h4 Ka7 39. Kb4 Kb6 40. g5 a5+ 41. Kb3
Kc5 42. Kc3 dxe5 43. fxe5 e6 44. Kd3 Kb4 45. Kd4 Kxa4 46. Kc3 Ka3 47. c5 a4 48. c6
Ka2 49. c7 a3 50. c8=Q Kb1 51. Qb7+ Kc1 52. Qh1#  1-0

[Event "1. OEsterreichische Internet Schach Meisterschaft - Vorrunde 3"]
[Site "Online - Playchess.com"]
[Date ""]
[Round "8"]
[Board "6"]
[White "Perhinig, Robert"]
[Black "Blohberger, Felix"]
[Result "1-0"]
[WhiteElo "2252"]
[BlackElo "2448"]
[PlyCount "117"]
[EventDate "2020.04.17"]
[EventRounds "9"]
[EventCountry "AUT"]

1. d4 Nf6 2. Bg5 e6 3. Nd2 h6 4. Bh4 d5 5. e3 c5 6. Ngf3 Nbd7 7. c3 Bd6 8. Bd3 Qc7
9. O-O O-O 10. Bg3 e5 11. dxe5 Nxe5 12. Nxe5 Bxe5 13. Bxe5 Qxe5 14. Qf3 b6 15. Qg3
Qe7 16. Nf3 Re8 17. Qh4 Bb7 18. Rfe1 Rad8 19. h3 Bc6 20. Qf4 Qb7 21. Nh4 Qb8 22.
Qxb8 Rxb8 23. f4 g6 24. Kf2 Ne4+ 25. Bxe4 dxe4 26. g4 Rbd8 27. Rad1 Bb5 28. Ng2 Bd3
29. Rd2 c4 30. Red1 Kf8 31. Ne1 Ke7 32. Rc1 Rd7 33. Nc2 Rd5 34. Nd4 Rc8 35. Kg3 Ra5
36. a3 a6 37. Rf2 Rd5 38. f5 g5 39. h4 Rg8 40. hxg5 Rxg5 41. Rh1 Rd6 42. Rfh2 b5
43. Rxh6 Rxh6 44. Rxh6 Rg8 45. Kf4 a5 46. Ke5 b4 47. axb4 axb4 48. Rb6 bxc3 49. Rb7+
Kf8 50. Kf6 Ke8 51. bxc3 Rxg4 52. Nc6 Rh4 53. Re7+ Kf8 54. Rxf7+ Ke8 55. Re7+ Kf8
56. Ke6 Bf1 57. Ne5 Rh6+ 58. Ng6+ Kg8 59. Kf6  1-0

[Event "1. OEsterreichische Internet Schach Meisterschaft - Vorrunde 3"]
[Site "Online - Playchess.com"]
[Date ""]
[Round "8"]
[Board "7"]
[White "Froewis, Annika"]
[Black "Alvir, Aco"]
[Result "1-0"]
[WhiteElo "2136"]
[BlackElo "2338"]
[PlyCount "67"]
[EventDate "2020.04.17"]
[EventRounds "9"]
[EventCountry "AUT"]

1. e4 g6 2. d4 Bg7 3. Nc3 c5 4. Nf3 Qa5 5. Be3 Nf6 6. Qd2 Ng4 7. Nd5 Qd8 8. Bf4 d6
9. h3 e6 10. hxg4 exd5 11. Bb5+ Kf8 12. dxc5 dxc5 13. O-O-O d4 14. e5 Be6 15. Kb1
Qd5 16. b3 Nc6 17. Ng5 Nxe5 18. Bxe5 Qxe5 19. Rde1 Qf6 20. Nxe6+ fxe6 21. g5 Qe7
22. Bc4 e5 23. f4 e4 24. f5 gxf5 25. Rhf1 e3 26. Qd3 Ke8 27. Rxf5 a6 28. Ref1 Rf8
29. Rxf8+ Bxf8 30. Qf5 b5 31. Bd5 Ra7 32. Qc8+ Qd8 33. Rxf8+ Ke7 34. Qxd8#  1-0

[Event "1. OEsterreichische Internet Schach Meisterschaft - Vorrunde 3"]
[Site "Online - Playchess.com"]
[Date ""]
[Round "8"]
[Board "8"]
[White "Platzgummer, Fabian"]
[Black "Pali, Philipp"]
[Result "1-0"]
[WhiteElo "2336"]
[BlackElo "2245"]
[PlyCount "95"]
[EventDate "2020.04.17"]
[EventRounds "9"]
[EventCountry "AUT"]

1. Nf3 d5 2. g3 Nf6 3. Bg2 c5 4. O-O Nc6 5. d3 e6 6. c4 Be7 7. cxd5 exd5 8. Nc3 O-O
9. e4 d4 10. Ne2 b5 11. a4 Qb6 12. axb5 Qxb5 13. Nf4 Bg4 14. h3 Bxf3 15. Bxf3 Nb4
16. e5 Nd7 17. Bxa8 Rxa8 18. Qf3 Re8 19. Rxa7 Nxe5 20. Qb7 Qxb7 21. Rxb7 Nexd3 22.
Nxd3 Nxd3 23. Rd1 Nxc1 24. Rxc1 Kf8 25. Kg2 Bd6 26. Rd7 Re6 27. Ra1 g6 28. Raa7 Rf6
29. Ra6 Be5 30. Ra8+ Kg7 31. Rd5 Bd6 32. Ra6 Be7 33. Ra7 Re6 34. h4 h5 35. Rdd7 Kf6
36. Rdc7 d3 37. Ra1 Re2 38. b3 Bd6 39. Rc6 Ke5 40. Rd1 Kd5 41. Ra6 d2 42. Kf3 Re6
43. Rxd2+ Ke5 44. Re2+ Kf6 45. Rxe6+ Kxe6 46. Ke4 f5+ 47. Kd3 Kd5 48. f4  1-0

[Event "1. OEsterreichische Internet Schach Meisterschaft - Vorrunde 3"]
[Site "Online - Playchess.com"]
[Date ""]
[Round "8"]
[Board "9"]
[White "Exler, Veronika"]
[Black "Peyrer, Konstantin"]
[Result "0-1"]
[WhiteElo "2155"]
[BlackElo "2286"]
[PlyCount "40"]
[EventDate "2020.04.17"]
[EventRounds "9"]
[EventCountry "AUT"]

1. e4 d5 2. exd5 Qxd5 3. Nc3 Qe6+ 4. Be2 Qg6 5. Bf3 Nc6 6. Nd5 Nd4 7. d3 Qd6 8. Bf4
e5 9. Be3 c6 10. Nc3 Nf6 11. Ne4 Nxf3+ 12. Nxf3 Nxe4 13. dxe4 Qc7 14. O-O Be7 15.
Qd3 O-O 16. Qc3 f6 17. Qb3+ Kh8 18. Rfd1 Bg4 19. Rd3 f5 20. Nd2 f4  0-1

[Event "1. OEsterreichische Internet Schach Meisterschaft - Vorrunde 3"]
[Site "Online - Playchess.com"]
[Date ""]
[Round "8"]
[Board "10"]
[White "Maierhofer, Johann"]
[Black "Schreiner, Peter"]
[Result "0-1"]
[WhiteElo "2087"]
[BlackElo "2440"]
[PlyCount "76"]
[EventDate "2020.04.17"]
[EventRounds "9"]
[EventCountry "AUT"]

1. e4 c5 2. c4 Nc6 3. Nc3 g6 4. g3 Bg7 5. Bg2 Nf6 6. Nge2 O-O 7. O-O Ne8 8. d3 Nc7
9. Be3 Ne6 10. f4 Ned4 11. Bf2 d6 12. Rc1 Bg4 13. h3 Bxe2 14. Nxe2 Nxe2+ 15. Qxe2
Rb8 16. b3 Nd4 17. Qd2 b5 18. Kh2 a5 19. Bg1 a4 20. bxa4 bxc4 21. Rxc4 Rb2 22. Qd1
Qa5 23. f5 Be5 24. Bxd4 Bxd4 25. fxg6 hxg6 26. h4 Qd2 27. Qf3 Qe2 28. Kh3 Rxa2 29.
h5 gxh5 30. Qxe2 Rxe2 31. Rf5 Rb8 32. Rxh5 Rbb2 33. Rg5+ Kf8 34. Bf3 Red2 35. Kg4
Rxd3 36. Rc1 Rbb3 37. Rf5 e6 38. Rf4 Be3  0-1

[Event "1. OEsterreichische Internet Schach Meisterschaft - Vorrunde 3"]
[Site "Online - Playchess.com"]
[Date ""]
[Round "8"]
[Board "11"]
[White "Huber, Martin Christian"]
[Black "Ofner, Maximilian"]
[Result "1-0"]
[WhiteElo "2341"]
[BlackElo "2177"]
[PlyCount "93"]
[EventDate "2020.04.17"]
[EventRounds "9"]
[EventCountry "AUT"]

1. d4 d5 2. c4 e6 3. Nc3 Nf6 4. cxd5 exd5 5. Bg5 Be7 6. e3 c6 7. Bd3 Nbd7 8. h3 Nb6
9. Qc2 Nh5 10. Bxe7 Qxe7 11. Nge2 g6 12. O-O-O Be6 13. Kb1 O-O-O 14. Na4 Nxa4 15.
Qxa4 Kb8 16. Rc1 Ng7 17. Ng3 h5 18. h4 Bd7 19. Rc3 c5 20. Qa3 Qf6 21. Qxc5 Rc8 22.
Qxd5 Rxc3 23. bxc3 Qxf2 24. Qe5+ Ka8 25. Rf1 Qd2 26. Be4 Qxc3 27. Qxg7 Qb4+ 28. Ka1
Qc3+ 29. Kb1 Qb4+ 30. Kc2 Rc8+ 31. Kd1 Qb2 32. Ne2 Qb4 33. Rxf7 Ba4+ 34. Bc2 Bxc2+
35. Kc1 Bd3+ 36. Rc7 Qb1+ 37. Kd2 Qxa2+ 38. Kxd3 Qb3+ 39. Ke4 Qe6+ 40. Kf3 Qd5+ 41.
Kf2 Qf5+ 42. Kg1 Qb1+ 43. Kh2 Rb8 44. Qe5 Qb2 45. Nf4 Qb6 46. Re7 g5 47. Nd5  1-0

[Event "1. OEsterreichische Internet Schach Meisterschaft - Vorrunde 3"]
[Site "Online - Playchess.com"]
[Date ""]
[Round "8"]
[Board "12"]
[White "Kuba, Guenther"]
[Black "Hofer, Maximilian"]
[Result "1-0"]
[WhiteElo "2348"]
[BlackElo "2108"]
[PlyCount "67"]
[EventDate "2020.04.17"]
[EventRounds "9"]
[EventCountry "AUT"]

1. e4 e5 2. Nf3 Nc6 3. Bc4 Nf6 4. d3 Be7 5. O-O O-O 6. Re1 d6 7. a4 Bg4 8. a5 a6
9. c3 Re8 10. Nbd2 Bf8 11. h3 Bh5 12. Nf1 b5 13. axb6 cxb6 14. Rxa6 Qc7 15. Ng3 Bg6
16. Be3 Rxa6 17. Bxa6 Ra8 18. Bc4 Na5 19. Ba2 Qd7 20. b4 Nc6 21. Bb3 b5 22. Nh4 d5
23. Nxg6 hxg6 24. exd5 Nxd5 25. Bd2 Nf4 26. Bxf4 exf4 27. Ne4 Ne5 28. Ng5 Qf5 29.
Ne4 Ra7 30. d4 Nc4 31. Bxc4 bxc4 32. Qf3 g5 33. Nc5 Rc7 34. Re8  1-0

[Event "1. OEsterreichische Internet Schach Meisterschaft - Vorrunde 3"]
[Site "Online - Playchess.com"]
[Date ""]
[Round "8"]
[Board "13"]
[White "Pernerstorfer, Max"]
[Black "Mostbauer, Florian"]
[Result "1/2-1/2"]
[WhiteElo "1985"]
[BlackElo "2309"]
[PlyCount "134"]
[EventDate "2020.04.17"]
[EventRounds "9"]
[EventCountry "AUT"]

1. e4 c6 2. d4 d5 3. Nd2 dxe4 4. Nxe4 Nd7 5. Nf3 Ngf6 6. Nxf6+ Nxf6 7. Be2 Bf5 8.
O-O e6 9. c4 Be7 10. Be3 O-O 11. Qb3 Qb6 12. Qxb6 axb6 13. a3 Rfd8 14. Rfd1 h6 15.
h3 Be4 16. Nd2 Bc2 17. Rdc1 Bg6 18. Bf3 Rd7 19. Re1 Ne8 20. Ne4 Nd6 21. Nxd6 Bxd6
22. d5 exd5 23. cxd5 c5 24. Bg4 f5 25. Bf3 Re7 26. Bd2 Rae8 27. Kf1 Kf7 28. Bc3 Rxe1+
29. Rxe1 Rxe1+ 30. Kxe1 Be7 31. d6 Bxd6 32. Bxb7 Kf8 33. Ke2 Bf7 34. Kd3 Be6 35.
Ba6 g6 36. Bc4 Bd7 37. Bf6 Bc6 38. g3 b5 39. Be6 Be4+ 40. Ke3 Bc6 41. h4 Be7 42.
Be5 Be8 43. h5 Bf7 44. Bd7 b4 45. axb4 cxb4 46. hxg6 Bxg6 47. Bf4 Kf7 48. Kd4 Bf6+
49. Kc4 Bxb2 50. Kxb4 Kf6 51. Bxh6 Bd4 52. f3 Bf2 53. Bf4 Bd4 54. Kc4 Be5 55. Bxe5+
Kxe5 56. Kd3 Kf6 57. Ke3 Ke5 58. Bc6 Bf7 59. Bb7 Be6 60. f4+ Kf6 61. Bf3 Bd7 62.
Kd4 Be6 63. Kc5 Bb3 64. Kd6 Bc2 65. Kd5 Bb1 66. Kd4 Ba2 67. Bd5 Bb1  1/2-1/2

[Event "1. OEsterreichische Internet Schach Meisterschaft - Vorrunde 3"]
[Site "Online - Playchess.com"]
[Date ""]
[Round "8"]
[Board "15"]
[White "Frank, Emanuel"]
[Black "Reyhani, Adel"]
[Result "1-0"]
[WhiteElo "2271"]
[BlackElo "1918"]
[PlyCount "85"]
[EventDate "2020.04.17"]
[EventRounds "9"]
[EventCountry "AUT"]

1. d4 Nf6 2. c4 g6 3. Nc3 d6 4. e4 Bg7 5. Nf3 c6 6. Be2 O-O 7. O-O Nbd7 8. Qc2 e5
9. Rd1 Qc7 10. h3 a5 11. Be3 Re8 12. b3 h6 13. a3 Kh7 14. b4 axb4 15. axb4 Rxa1 16.
Rxa1 Nf8 17. d5 cxd5 18. exd5 Nh5 19. Nb5 Qe7 20. Re1 Bf5 21. Qd2 Bd7 22. c5 Bxb5
23. Bxb5 Ra8 24. cxd6 Qxd6 25. Bc5 Qf6 26. Nxe5 Nf4 27. Ng4 Qc3 28. Qxc3 Bxc3 29.
Rd1 h5 30. Ne3 Rd8 31. Be7 Ra8 32. g3 Nxd5 33. Nxd5 Be5 34. Nf6+ Kg7 35. Ne4 f5 36.
Nc5 b6 37. Nd7 Nxd7 38. Rxd7 Ra1+ 39. Kg2 Ra2 40. Bg5+ Kg8 41. Bc4+ Kf8 42. Bxa2
Ke8 43. Re7+  1-0

[Event "1. OEsterreichische Internet Schach Meisterschaft - Vorrunde 3"]
[Site "Online - Playchess.com"]
[Date ""]
[Round "8"]
[Board "16"]
[White "Mayrhuber, Tobias"]
[Black "Mittelberger, Peter"]
[Result "0-1"]
[WhiteElo "2045"]
[BlackElo "2176"]
[PlyCount "76"]
[EventDate "2020.04.17"]
[EventRounds "9"]
[EventCountry "AUT"]

1. e4 d6 2. d4 g6 3. Nc3 Bg7 4. g3 a6 5. Bg2 b5 6. a3 Bb7 7. Nge2 Nd7 8. O-O c5 9.
Be3 Rc8 10. Qd2 Qc7 11. h3 cxd4 12. Nxd4 Ne5 13. Nce2 Nc4 14. Qc1 Nxe3 15. Qxe3 Nf6
16. Nc3 O-O 17. f4 Nd7 18. Rf2 Nb6 19. Nd5 Bxd5 20. exd5 Nc4 21. Qc3 Qc5 22. Rd1
Rfe8 23. Kf1 Nb6 24. Qxc5 dxc5 25. Nc6 Bxb2 26. Re2 Kf8 27. h4 Bxa3 28. Ra1 Nc4 29.
Ne5 Nxe5 30. fxe5 b4 31. c3 a5 32. cxb4 axb4 33. Bh3 Rcd8 34. Rd1 c4 35. Re4 c3 36.
Rc4 f6 37. exf6 exf6 38. Be6 Rxe6  0-1

[Event "1. OEsterreichische Internet Schach Meisterschaft - Vorrunde 3"]
[Site "Online - Playchess.com"]
[Date ""]
[Round "8"]
[Board "18"]
[White "Hofmann, Thomas"]
[Black "Mostbauer, Maximilian"]
[Result "1/2-1/2"]
[WhiteElo "2215"]
[BlackElo "2217"]
[PlyCount "258"]
[EventDate "2020.04.17"]
[EventRounds "9"]
[EventCountry "AUT"]

1. d4 e6 2. c4 b6 3. e4 Bb7 4. Bd3 Bb4+ 5. Bd2 Be7 6. Nc3 d6 7. f3 Nd7 8. Be3 e5
9. d5 Ngf6 10. Nge2 a5 11. a4 Nc5 12. Bc2 Nh5 13. Qd2 Nf6 14. b3 Qd7 15. O-O-O Na6
16. Kb2 Nb4 17. Bb1 h6 18. g4 O-O-O 19. h3 Kb8 20. Ng3 g5 21. Nf5 Nh7 22. Rde1 f6
23. Bf2 Nf8 24. Be3 Ng6 25. Bf2 c5 26. Be3 Nf4 27. Bf2 h5 28. Bg3 h4 29. Bf2 Bc8
30. Be3 Kb7 31. Nb5 Kb8 32. Bc2 Bb7 33. Bb1 Rc8 34. Bf2 Rhg8 35. Be3 Rgf8 36. Nh6
Rfe8 37. Nf5 Bf8 38. Rc1 Bg7 39. Rce1 Rg8 40. Bf2 Ba6 41. Be3 Ka8 42. Bf2 Rb8 43.
Qc1 Rh8 44. Qd2 Rh7 45. Rc1 Rh6 46. Be3 Rh7 47. Bf2 Rhh8 48. Be3 Rhf8 49. Rhe1 Rf7
50. Rh1 Re7 51. Rcf1 Ree8 52. Bxf4 Red8 53. Re1 exf4 54. Rd1 Re8 55. Ka3 Re5 56.
Qc3 Rd8 57. Qd2 Qc8 58. Qc3 Qb8 59. Rc1 Kb7 60. Rcd1 Rd7 61. Kb2 Qf8 62. Kc1 Kb8
63. Kd2 Bb7 64. Ke1 Ba6 65. Kf2 Bc8 66. Kg2 Rd8 67. Rde1 Kb7 68. Rd1 Bd7 69. Rhe1
Bxf5 70. exf5 Rde8 71. Be4 R8e7 72. Re2 Qd8 73. Rde1 Qd7 74. Bb1 Bf8 75. Kf2 Rxe2+
76. Rxe2 Rxe2+ 77. Kxe2 Qe7+ 78. Be4 Qe5 79. Qxe5 dxe5 80. Kd2 Kc8 81. Kc3 Kd7 82.
Na3 Bd6 83. Nb5 Na6 84. Na3 Nc7 85. Nb1 Na6 86. Nd2 Nb4 87. Nf1 Bc7 88. Nd2 Bd8 89.
Nb1 Be7 90. Kd2 Bd8 91. Nc3 Bc7 92. Nb5 Bd6 93. Nc3 Be7 94. Nd1 Na6 95. Nf2 Nc7 96.
Kc3 Ne8 97. Nd3 Nd6 98. Nf2 Bd8 99. Kd3 Bc7 100. Kc3 Bb8 101. Kd3 Ba7 102. Kd2 Ke8
103. Kd3 Kf7 104. Kd2 Kg7 105. Ke2 Kh6 106. Kd3 Kh7 107. Kc3 Kg8 108. Kd2 Kf7 109.
Kc2 Ke8 110. Kd3 Kd7 111. Kd2 Kc7 112. Kc3 Kb7 113. Kd3 Bb8 114. Kc2 Bc7 115. Kd2
Kc8 116. Kd3 Kd7 117. Kc3 Ke7 118. Kc2 Kf7 119. Kd3 Bb8 120. Kd2 Nc8 121. Kc3 Bd6
122. Kd3 Kg7 123. Kd2 Kh6 124. Kd3 Kh7 125. Kc3 Kh8 126. Kc2 Kg8 127. Kd3 Kg7 128.
Kd2 Kf7 129. Kc3 Kf8  1/2-1/2

[Event "1. OEsterreichische Internet Schach Meisterschaft - Vorrunde 3"]
[Site "Online - Playchess.com"]
[Date ""]
[Round "8"]
[Board "19"]
[White "Schneider-Zinner, Harald"]
[Black "Wimmer, Kevin"]
[Result "1-0"]
[WhiteElo "2381"]
[BlackElo "1944"]
[PlyCount "91"]
[EventDate "2020.04.17"]
[EventRounds "9"]
[EventCountry "AUT"]

1. d4 d5 2. c4 e6 3. g3 Nf6 4. Bg2 Be7 5. Nf3 O-O 6. O-O dxc4 7. Qc2 a6 8. a4 Bd7
9. Rd1 Bc6 10. Bg5 Nbd7 11. Qxc4 Bd5 12. Qc1 c5 13. dxc5 Nxc5 14. Nc3 Nb3 15. Qb1
Nxa1 16. Qxa1 Qc7 17. e4 Nxe4 18. Nxd5 exd5 19. Bf4 Bd6 20. Be3 Nf6 21. Bd4 Ne4 22.
b3 f6 23. Qa2 Rac8 24. b4 Qc2 25. Qxd5+ Kh8 26. Be3 Rcd8 27. Ne1 Qe2 28. Bxe4 Be7
29. Rd2 Rxd5 30. Rxe2 Rd1 31. Kg2 Bxb4 32. Nd3 Bc3 33. Nf4 Rdd8 34. Nd5 Be5 35. Rc2
Rc8 36. Rd2 g6 37. f4 Ba1 38. Kf3 Bc3 39. Rd3 Ba1 40. Bb6 Kg7 41. Nc7 Rfe8 42. Rd7+
Kh6 43. g4 Red8 44. Re7 Rd1 45. h4 g5 46. Rxh7#  1-0